| 000 | 00707nam a2200217 i 4500 | ||
|---|---|---|---|
| 001 | 136200 | ||
| 003 | ES-MaACL | ||
| 005 | 20230906195047.0 | ||
| 007 | t| | ||
| 008 | 070214s1967 sp r ||||1| spa d | ||
| 100 | 1 |
_aSabater, Gaspar. _9101173 |
|
| 245 | 1 | 0 |
_aJosé María Quadrado _b: el polígrafo balear / _cGaspar Sabater ; prólogo de Guillermo Díaz Plaja. |
| 260 |
_aPalma de Mallorca : _bCort, _c1967. |
||
| 300 |
_a214 p. ; _c19 cm. |
||
| 490 | 1 | _aColección "Almudaina" | |
| 600 | 1 | 4 |
_aQuadrado, José María. _994475 |
| 700 | 1 |
_aDíaz-Plaja, Guillermo, _d1909-1984 _9162428 |
|
| 830 | 0 |
_aColección "Almudaina" _9219982 |
|
| 852 |
_aES-MaACL _jC-32622 _bR.63468 |
||
| 999 |
_c136200 _d136200 |
||